| 000 -LEADER |
| fixed length control field |
00586cam a2200193 i 4500 |
| 001 - CONTROL NUMBER |
| control field |
17547608 |
| 005 - DATE AND TIME OF LATEST TRANSACTION |
| control field |
20220913125335.0 |
| 008 - FIXED-LENGTH DATA ELEMENTS--GENERAL INFORMATION |
| fixed length control field |
121203s2013 enka b 001 0 eng |
| 020 ## - INTERNATIONAL STANDARD BOOK NUMBER |
| International Standard Book Number |
9780415532365 |
| 041 ## - LANGUAGE CODE |
| Language code of text/sound track or separate title |
eng |
| 080 ## - UNIVERSAL DECIMAL CLASSIFICATION NUMBER |
| Universal Decimal Classification number |
81'255.2 G-58 |
| 100 1# - MAIN ENTRY--PERSONAL NAME |
| Personal name |
Gillies, Andrew |
| Dates associated with a name |
|
| 9 (RLIN) |
9728 |
| 245 10 - TITLE STATEMENT |
| Title |
Conference Interpreting : |
| Remainder of title |
a student's practice book / |
| Statement of responsibility, etc. |
Andrew Gillies. |
| 264 #1 - PRODUCTION, PUBLICATION, DISTRIBUTION, MANUFACTURE, AND COPYRIGHT NOTICE |
| Place of production, publication, distribution, manufacture |
London : |
| Name of producer, publisher, distributor, manufacturer |
Routledge, |
| Date of production, publication, distribution, manufacture, or copyright notice |
2013. |
| 300 ## - PHYSICAL DESCRIPTION |
| Extent |
285 pages : |
| Other physical details |
illustrations ; |
| Dimensions |
24 cm. |
| 653 ## - INDEX TERM--UNCONTROLLED |
| keyword |
კონფერენცია |
| 653 ## - INDEX TERM--UNCONTROLLED |
| keyword |
თარგმანები |
| 942 ## - ADDED ENTRY ELEMENTS (KOHA) |
| Source of classification or shelving scheme |
|
| Koha item type |
წიგნი |